000 00549nam a2200169 4500
001 126656
003 ES-MaACL
005 20230906192845.0
007 t|
008 070214s1982 sp r ||||1| spa d
100 1 _aResh, Howard M.
_996322
245 1 0 _aCultivos hidropónicos
_b: nuevas técnicas de producción /
_cHoward M. Resh ; versión de José Santos Caffarena.
260 _aMadrid :
_bMundi-Prensa,
_c1982.
300 _a287 p. :
_bil. ;
_c24 cm.
700 1 _aSantos Caffarena, José.
_9103493
852 _aES-MaACL
_jL-4432
_bR.104854
999 _c126656
_d126656